[Event "EYCC 2024 - G18"]
[Site "?"]
[Date "2024.08.22"]
[Round "1.1"]
[White "Orian, Noga"]
[Black "Yilmaz, Gokcen"]
[Result "1-0"]
[BlackElo "1900"]
[WhiteElo "2201"]
[LiveChessVersion "1.4.8"]

1. d4 {[%clk 1:30:55]} Nf6 {[%clk 1:30:45]} 2. c4 {[%clk 1:31:15]} g6
{[%clk 1:31:04]} 3. h4 {[%clk 1:31:28]} h5 {[%clk 1:27:27]} 4. Nc3
{[%clk 1:31:37]} Bg7 {[%clk 1:27:48]} 5. e4 {[%clk 1:32:00]} d6 {[%clk 1:28:11]}
6. Be2 {[%clk 1:31:59]} O-O {[%clk 1:26:45]} 7. Bg5 {[%clk 1:32:08]} Nbd7
{[%clk 1:18:56]} 8. Qd2 {[%clk 1:30:24]} c5 {[%clk 1:18:11]} 9. d5
{[%clk 1:30:48]} Ne5 {[%clk 1:14:56]} 10. Nf3 {[%clk 1:30:03]} Nfg4
{[%clk 1:11:36]} 11. Nxe5 {[%clk 1:30:12]} Nxe5 {[%clk 1:11:43]} 12. f3
{[%clk 1:27:55]} f6 {[%clk 0:50:52]} 13. Bh6 {[%clk 1:26:55]} Kf7
{[%clk 0:47:33]} 14. Bxg7 {[%clk 1:14:12]} Kxg7 {[%clk 0:47:56]} 15. Nd1
{[%clk 1:14:11]} f5 {[%clk 0:42:47]} 16. Nf2 {[%clk 1:09:36]} e6 {[%clk 0:34:33]}
17. O-O-O {[%clk 0:57:53]} Rf6 {[%clk 0:29:13]} 18. f4 {[%clk 0:39:15]} Ng4
{[%clk 0:22:28]} 19. Nxg4 {[%clk 0:31:57]} fxg4 {[%clk 0:22:42]} 20. Qc3
{[%clk 0:32:15]} Kg8 {[%clk 0:19:09]} 21. g3 {[%clk 0:30:20]} exd5
{[%clk 0:17:12]} 22. Rxd5 {[%clk 0:30:24]} Qe7 {[%clk 0:16:57]} 23. Rhd1
{[%clk 0:28:35]} b6 {[%clk 0:13:38]} 24. Qd3 {[%clk 0:28:09]} Re6
{[%clk 0:06:54]} 25. Rxd6 {[%clk 0:24:18]} Rxd6 {[%clk 0:03:54]} 26. Qxd6
{[%clk 0:24:46]} Qxd6 {[%clk 0:04:23]} 27. Rxd6 {[%clk 0:25:14]} Kf7
{[%clk 0:04:39]} 28. Rd8 {[%clk 0:25:37]} Ke6 {[%clk 0:02:47]} 29. e5
{[%clk 0:24:28]} Ke7 {[%clk 0:01:48]} 30. Rh8 {[%clk 0:24:13]} Kf7
{[%clk 0:02:09]} 31. Bd3 {[%clk 0:24:24]} Kg7 {[%clk 0:02:04]} 32. Rd8
{[%clk 0:24:46]} 1-0

[Event "EYCC 2024 - G18"]
[Site "?"]
[Date "2024.08.22"]
[Round "1.2"]
[White "Sierra Magrazo, Lidia"]
[Black "Karacsonyi, Kata"]
[Result "0-1"]
[BlackElo "2184"]
[WhiteElo "1894"]
[LiveChessVersion "1.4.8"]

1. e4 {[%clk 1:30:58]} c5 {[%clk 1:30:52]} 2. Nf3 {[%clk 1:31:23]} Nc6
{[%clk 1:31:07]} 3. d4 {[%clk 1:31:47]} cxd4 {[%clk 1:31:31]} 4. Nxd4
{[%clk 1:32:08]} Nf6 {[%clk 1:31:47]} 5. Nc3 {[%clk 1:32:29]} d6 {[%clk 1:31:56]}
6. Bg5 {[%clk 1:32:48]} e6 {[%clk 1:32:17]} 7. Qd2 {[%clk 1:33:03]} a6
{[%clk 1:32:29]} 8. O-O-O {[%clk 1:30:30]} Bd7 {[%clk 1:32:34]} 9. f3
{[%clk 1:29:38]} h6 {[%clk 1:32:26]} 10. Be3 {[%clk 1:28:52]} b5 {[%clk 1:32:38]}
11. Nxc6 {[%clk 1:17:42]} Bxc6 {[%clk 1:33:01]} 12. Kb1 {[%clk 1:17:40]} Qc7
{[%clk 1:17:40]} 13. h4 {[%clk 1:05:24]} Nd7 {[%clk 1:12:15]} 14. Bd3
{[%clk 0:45:22]} Ne5 {[%clk 0:53:07]} 15. Ne2 {[%clk 0:43:24]} Bb7
{[%clk 0:35:15]} 16. Rh3 {[%clk 0:27:01]} Be7 {[%clk 0:26:18]} 17. g4
{[%clk 0:24:48]} Rc8 {[%clk 0:21:37]} 18. Rdh1 {[%clk 0:22:47]} d5
{[%clk 0:18:19]} 19. Bf4 {[%clk 0:09:44]} dxe4 {[%clk 0:12:02]} 20. fxe4
{[%clk 0:08:21]} Nc4 {[%clk 0:06:14]} 21. Bxc4 {[%clk 0:06:49]} Qxc4
{[%clk 0:06:40]} 22. Rc3 {[%clk 0:03:54]} Qxe4 {[%clk 0:07:04]} 23. Rxc8+ Bxc8
{[%clk 0:07:26]} 24. Rd1 {[%clk 0:02:04]} O-O {[%clk 0:07:08]} 25. Nc3
{[%clk 0:01:03]} Qf3 {[%clk 0:06:40]} 26. g5 {[%clk 0:00:44]} Rd8
{[%clk 0:03:53]} 27. Qc1 Rxd1 {[%clk 0:03:54]} 28. Nxd1 {[%clk 0:01:38]} hxg5
{[%clk 0:02:00]} 29. hxg5 {[%clk 0:01:57]} Bb7 {[%clk 0:01:28]} 30. a3
{[%clk 0:00:41]} Qh1 {[%clk 0:01:32]} 31. Qd2 {[%clk 0:00:38]} Bf3
{[%clk 0:01:45]} 32. Kc1 {[%clk 0:01:03]} Qxd1+ {[%clk 0:01:55]} 33. Qxd1
{[%clk 0:01:32]} Bxd1 {[%clk 0:02:21]} 34. Kxd1 {[%clk 0:01:52]} Kh7
{[%clk 0:02:45]} 35. a4 {[%clk 0:01:35]} Kg6 {[%clk 0:01:30]} 36. axb5
{[%clk 0:01:55]} axb5 {[%clk 0:01:59]} 37. Ke2 {[%clk 0:01:22]} Kf5
{[%clk 0:00:38]} 38. Be3 {[%clk 0:01:25]} e5 {[%clk 0:00:38]} 39. Kd3
{[%clk 0:01:48]} e4+ {[%clk 0:00:39]} 40. Kd4 {[%clk 0:01:34]} f6
{[%clk 0:00:37]} 41. gxf6 {[%clk 0:01:48]} Bxf6+ {[%clk 0:01:01]} 42. Kc5
{[%clk 0:02:15]} Bxb2 {[%clk 0:01:15]} 43. Kxb5 {[%clk 0:02:41]} Kg4
{[%clk 0:00:43]} 44. c4 {[%clk 0:03:03]} Kf3 {[%clk 0:01:10]} 45. Bd2
{[%clk 0:02:38]} e3 {[%clk 0:01:28]} 46. Bb4 {[%clk 0:03:00]} g5 {[%clk 0:00:38]}
47. c5 {[%clk 0:03:25]} Be5 {[%clk 0:00:47]} 48. c6 {[%clk 0:03:46]} e2
{[%clk 0:00:53]} 0-1

[Event "EYCC 2024 - G18"]
[Site "?"]
[Date "2024.08.22"]
[Round "1.3"]
[White "Manko, Mariia"]
[Black "Kapolkova, Greta"]
[Result "0-1"]
[BlackElo "1889"]
[WhiteElo "2159"]
[LiveChessVersion "1.4.8"]

1. d4 {[%clk 1:30:58]} Nf6 {[%clk 1:30:56]} 2. c4 {[%clk 1:31:21]} e6
{[%clk 1:31:21]} 3. g3 {[%clk 1:31:46]} d5 {[%clk 1:31:46]} 4. Bg2
{[%clk 1:32:11]} dxc4 {[%clk 1:32:05]} 5. Nf3 {[%clk 1:32:36]} c5
{[%clk 1:32:27]} 6. O-O {[%clk 1:32:39]} Nc6 {[%clk 1:32:50]} 7. Qa4
{[%clk 1:33:03]} Bd7 {[%clk 1:33:15]} 8. Qxc4 {[%clk 1:33:23]} b5
{[%clk 1:33:39]} 9. Qc3 {[%clk 1:32:40]} b4 {[%clk 1:33:54]} 10. Qd3
{[%clk 1:31:00]} Rc8 {[%clk 1:30:51]} 11. Bf4 {[%clk 1:27:54]} cxd4
{[%clk 1:27:18]} 12. Nbd2 {[%clk 1:22:04]} Nd5 {[%clk 1:19:49]} 13. Be5
{[%clk 1:12:28]} Nxe5 {[%clk 1:14:47]} 14. Nxe5 {[%clk 1:12:50]} Be7
{[%clk 0:56:17]} 15. Qxd4 {[%clk 1:08:56]} O-O {[%clk 0:53:34]} 16. Rfd1
{[%clk 0:39:04]} Bb5 {[%clk 0:43:12]} 17. Ndc4 {[%clk 0:34:45]} Bc5
{[%clk 0:39:49]} 18. Qg4 {[%clk 0:29:37]} Qf6 {[%clk 0:25:09]} 19. e3
{[%clk 0:26:23]} Rfd8 {[%clk 0:16:44]} 20. Rac1 {[%clk 0:16:08]} Bf8
{[%clk 0:16:11]} 21. Rd2 {[%clk 0:11:08]} Bxc4 {[%clk 0:10:30]} 22. Nxc4
{[%clk 0:05:47]} Nxe3 {[%clk 0:06:15]} 23. Rxd8 {[%clk 0:04:36]} Nxg4
{[%clk 0:06:32]} 24. Rxc8 {[%clk 0:04:56]} Qxf2+ {[%clk 0:06:53]} 25. Kh1
{[%clk 0:05:24]} g6 {[%clk 0:06:12]} 26. Nd6 {[%clk 0:03:51]} Qd4
{[%clk 0:05:47]} 27. Ne4 {[%clk 0:03:47]} Ne3 {[%clk 0:04:35]} 28. Bf3
{[%clk 0:03:03]} Kg7 {[%clk 0:02:04]} 29. R8c7 {[%clk 0:02:25]} Qxb2
{[%clk 0:00:57]} 30. Ng5 {[%clk 0:02:36]} Kg8 {[%clk 0:00:43]} 31. Nxf7
{[%clk 0:02:23]} Qf6 {[%clk 0:00:48]} 32. Bb7 {[%clk 0:01:24]} Ng4
{[%clk 0:00:43]} 33. h3 {[%clk 0:00:57]} Nf2+ {[%clk 0:00:37]} 34. Kg2
{[%clk 0:01:24]} Nd3 {[%clk 0:01:01]} 35. Rf1 {[%clk 0:01:25]} Qb2+
{[%clk 0:01:07]} 36. Kh1 {[%clk 0:00:58]} Nf2+ {[%clk 0:01:28]} 37. Kg1
{[%clk 0:00:58]} Nxh3+ {[%clk 0:01:43]} 38. Kh1 {[%clk 0:01:27]} Nf2+
{[%clk 0:01:47]} 39. Kg1 {[%clk 0:01:53]} Nh3+ {[%clk 0:00:35]} 40. Kh1
{[%clk 0:01:55]} Nf2+ {[%clk 0:00:33]} 41. Kg1 {[%clk 0:01:05]} Ng4
{[%clk 0:00:34]} 42. Ng5 {[%clk 0:01:07]} Qh2# {[%clk 0:00:54]} 0-1

[Event "EYCC 2024 - G18"]
[Site "?"]
[Date "2024.08.22"]
[Round "1.4"]
[White "Akat, Elifnaz"]
[Black "Cornileau, Juliette"]
[Result "1-0"]
[BlackElo "2116"]
[WhiteElo "1888"]
[LiveChessVersion "1.4.8"]

1. e4 {[%clk 1:30:58]} e5 {[%clk 1:30:39]} 2. Nc3 {[%clk 1:31:15]} Nf6
{[%clk 1:27:06]} 3. Bc4 {[%clk 1:31:05]} Bc5 {[%clk 1:26:10]} 4. d3
{[%clk 1:31:29]} c6 {[%clk 1:19:16]} 5. a4 {[%clk 1:27:21]} a5 {[%clk 1:05:34]}
6. f4 {[%clk 1:23:41]} d5 {[%clk 0:42:45]} 7. exd5 {[%clk 1:18:34]} Ng4
{[%clk 0:41:37]} 8. Qe2 {[%clk 1:02:50]} O-O {[%clk 0:36:24]} 9. Nf3
{[%clk 0:56:01]} exf4 {[%clk 0:35:10]} 10. dxc6 {[%clk 0:55:08]} Nxc6
{[%clk 0:29:10]} 11. Bxf4 {[%clk 0:53:46]} Re8 {[%clk 0:19:04]} 12. Ne4
{[%clk 0:53:05]} Nf2 {[%clk 0:19:19]} 13. Nfg5 {[%clk 0:50:31]} Bg4
{[%clk 0:07:29]} 14. Nxf7 {[%clk 0:46:45]} Bxe2 {[%clk 0:06:57]} 15. Nxd8+
{[%clk 0:47:07]} Kf8 {[%clk 0:06:44]} 16. Nxc5 {[%clk 0:44:32]} Nxh1
{[%clk 0:02:24]} 17. Bd6+ {[%clk 0:44:07]} Re7 {[%clk 0:02:44]} 18. Nxc6
{[%clk 0:44:11]} bxc6 {[%clk 0:02:47]} 19. Bxe7+ {[%clk 0:44:40]} Kxe7
{[%clk 0:03:07]} 20. Kxe2 {[%clk 0:45:08]} Kd6 {[%clk 0:03:36]} 21. Ne4+
{[%clk 0:45:37]} Kd5 1-0

[Event "EYCC 2024 - G18"]
[Site "?"]
[Date "2024.08.22"]
[Round "1.5"]
[White "Zito, Enrica"]
[Black "Stepanyan, Alvard"]
[Result "1-0"]
[BlackElo "1888"]
[WhiteElo "2108"]
[LiveChessVersion "1.4.8"]

1. e4 {[%clk 1:30:58]} e5 {[%clk 1:30:46]} 2. Nf3 {[%clk 1:31:24]} Nc6
{[%clk 1:31:09]} 3. Bb5 {[%clk 1:31:40]} a6 {[%clk 1:31:23]} 4. Ba4
{[%clk 1:32:05]} Nf6 {[%clk 1:31:46]} 5. d3 {[%clk 1:32:29]} b5 {[%clk 1:32:04]}
6. Bb3 {[%clk 1:32:54]} Be7 {[%clk 1:32:19]} 7. O-O {[%clk 1:33:02]} d6
{[%clk 1:32:37]} 8. Bd2 {[%clk 1:33:16]} O-O {[%clk 1:32:00]} 9. h3
{[%clk 1:32:30]} Be6 {[%clk 1:32:00]} 10. Re1 {[%clk 1:32:30]} a5
{[%clk 1:32:00]} 11. c3 {[%clk 1:32:30]} a4 {[%clk 1:32:00]} 12. Bc2
{[%clk 1:32:30]} Na5 {[%clk 1:02:33]} 13. b3 {[%clk 0:59:09]} c5 {[%clk 0:51:10]}
14. Na3 {[%clk 0:56:28]} Qb6 {[%clk 0:44:07]} 15. bxa4 {[%clk 0:51:26]} bxa4
{[%clk 0:41:27]} 16. Rb1 {[%clk 0:50:50]} Qa6 {[%clk 0:40:10]} 17. c4
{[%clk 0:47:26]} Rfb8 {[%clk 0:35:50]} 18. Rxb8+ {[%clk 0:39:51]} Rxb8
{[%clk 0:36:11]} 19. Bxa4 {[%clk 0:40:16]} Nc6 {[%clk 0:22:10]} 20. Nb5
{[%clk 0:38:58]} Ne8 {[%clk 0:21:42]} 21. Bb3 {[%clk 0:37:47]} Bd8
{[%clk 0:20:58]} 22. Ng5 {[%clk 0:34:43]} Bxg5 {[%clk 0:20:30]} 23. Bxg5
{[%clk 0:35:07]} Bd7 {[%clk 0:15:49]} 24. a4 {[%clk 0:22:10]} Ra8
{[%clk 0:09:23]} 25. Be3 {[%clk 0:22:01]} Nb4 {[%clk 0:07:56]} 26. Qd2
{[%clk 0:19:45]} Qc6 {[%clk 0:04:50]} 27. f3 {[%clk 0:18:48]} Nc7 28. d4
{[%clk 0:18:00]} cxd4 {[%clk 0:01:20]} 29. Bxd4 {[%clk 0:15:07]} exd4
{[%clk 0:00:34]} 30. Qxb4 {[%clk 0:15:32]} Nxb5 {[%clk 0:00:48]} 31. cxb5
{[%clk 0:15:36]} Qb6 {[%clk 0:00:46]} 32. Kh1 {[%clk 0:15:50]} Rc8
{[%clk 0:00:33]} 33. Rd1 {[%clk 0:15:11]} d3 {[%clk 0:00:34]} 34. Qd2
{[%clk 0:14:25]} Be6 {[%clk 0:00:35]} 35. Bxe6 Rc2 {[%clk 0:00:46]} 36. Qxd3
{[%clk 0:14:02]} Qf2 {[%clk 0:01:04]} 37. Bxf7+ {[%clk 0:14:11]} Kxf7
{[%clk 0:01:28]} 38. Qd5+ {[%clk 0:14:03]} Ke8 {[%clk 0:00:57]} 39. Qe6+
{[%clk 0:14:29]} Kf8 {[%clk 0:01:10]} 40. Qxd6+ {[%clk 0:14:55]} Kf7
{[%clk 0:01:36]} 41. Qd7+ {[%clk 0:15:20]} 1-0

[Event "EYCC 2024 - G18"]
[Site "?"]
[Date "2024.08.22"]
[Round "1.6"]
[White "Lindstad, Livia"]
[Black "Sevcikova, Lucia"]
[Result "0-1"]
[BlackElo "2103"]
[WhiteElo "1886"]
[LiveChessVersion "1.4.8"]

1. e4 {[%clk 1:30:55]} c6 {[%clk 1:30:57]} 2. d4 {[%clk 1:31:10]} d5
{[%clk 1:31:22]} 3. exd5 {[%clk 1:31:12]} cxd5 {[%clk 1:31:46]} 4. Bd3
{[%clk 1:31:33]} Nc6 {[%clk 1:32:08]} 5. c3 {[%clk 1:31:53]} Qc7 {[%clk 1:32:31]}
6. h3 {[%clk 1:31:53]} g6 {[%clk 1:31:51]} 7. Nf3 {[%clk 1:30:08]} Bf5
{[%clk 1:29:54]} 8. O-O {[%clk 1:26:56]} Nf6 {[%clk 1:23:03]} 9. Re1
{[%clk 1:21:54]} Bxd3 {[%clk 1:19:12]} 10. Qxd3 {[%clk 1:22:08]} Bg7
{[%clk 1:14:33]} 11. Nbd2 {[%clk 1:15:30]} Nd7 {[%clk 1:07:30]} 12. Nf1
{[%clk 1:11:06]} O-O {[%clk 1:06:44]} 13. Ne3 {[%clk 1:09:20]} e6
{[%clk 1:04:28]} 14. Bd2 {[%clk 1:06:33]} a6 {[%clk 1:02:23]} 15. a4
{[%clk 1:04:16]} Na5 {[%clk 0:57:48]} 16. b4 {[%clk 1:01:20]} Nb3
{[%clk 0:54:57]} 17. Rab1 {[%clk 0:58:34]} Nxd2 {[%clk 0:55:20]} 18. Nxd2
{[%clk 0:58:22]} a5 {[%clk 0:51:45]} 19. b5 {[%clk 0:54:47]} Nb6 {[%clk 0:47:45]}
20. Ra1 {[%clk 0:50:10]} Rfc8 {[%clk 0:44:08]} 21. Rec1 {[%clk 0:47:01]} Qd6
{[%clk 0:40:41]} 22. Nb3 {[%clk 0:41:01]} Nc4 {[%clk 0:37:25]} 23. Nd2
{[%clk 0:40:33]} Nxd2 {[%clk 0:34:30]} 24. Qxd2 {[%clk 0:40:46]} Rc7
{[%clk 0:32:52]} 25. Ra2 {[%clk 0:30:21]} Rac8 {[%clk 0:31:32]} 26. Qd3
{[%clk 0:26:31]} b6 {[%clk 0:26:13]} 27. Rcc2 {[%clk 0:20:32]} h5
{[%clk 0:21:49]} 28. Nd1 {[%clk 0:16:47]} e5 {[%clk 0:15:57]} 29. dxe5
{[%clk 0:17:05]} Bxe5 {[%clk 0:15:57]} 30. g3 {[%clk 0:14:40]} h4
{[%clk 0:11:29]} 31. g4 {[%clk 0:13:01]} Qf6 {[%clk 0:05:46]} 32. Ne3
{[%clk 0:11:25]} Qf4 {[%clk 0:05:02]} 33. Nxd5 {[%clk 0:11:18]} Qh2+
{[%clk 0:05:25]} 34. Kf1 {[%clk 0:11:40]} Qh1+ {[%clk 0:05:13]} 35. Ke2
{[%clk 0:12:09]} Re8 {[%clk 0:04:14]} 36. Qf3 {[%clk 0:11:54]} Bxc3+
{[%clk 0:03:24]} 37. Ne3 {[%clk 0:12:00]} Qe1+ {[%clk 0:03:21]} 38. Kd3
{[%clk 0:12:25]} Rd8+ {[%clk 0:02:27]} 39. Nd5 {[%clk 0:11:24]} Qe5
{[%clk 0:02:29]} 40. Qe4 {[%clk 0:09:11]} Rxd5+ {[%clk 0:02:18]} 41. Ke3
{[%clk 0:09:36]} Bd4+ {[%clk 0:01:19]} 42. Kf3 {[%clk 0:09:44]} Qxe4+
{[%clk 0:01:19]} 43. Kxe4 {[%clk 0:10:07]} Rxc2 {[%clk 0:01:41]} 44. Rxc2
{[%clk 0:10:23]} Rd6 {[%clk 0:01:39]} 45. Rc6 {[%clk 0:10:03]} Bc5
{[%clk 0:02:03]} 46. Ke5 {[%clk 0:09:26]} f6+ {[%clk 0:02:29]} 47. Ke4
{[%clk 0:09:30]} Rd4+ {[%clk 0:02:29]} 48. Kf3 {[%clk 0:09:52]} Kg7
{[%clk 0:02:22]} 49. Rc7+ {[%clk 0:08:06]} Kh6 {[%clk 0:02:46]} 50. Rc6
{[%clk 0:08:31]} Kg5 {[%clk 0:03:07]} 51. Re6 {[%clk 0:08:54]} Rf4+
{[%clk 0:03:19]} 52. Ke2 {[%clk 0:09:03]} Rxf2+ {[%clk 0:03:46]} 53. Kd3 Rf4
{[%clk 0:04:09]} 54. Rc6 {[%clk 0:09:03]} Rxa4 {[%clk 0:04:29]} 55. Kc3
{[%clk 0:09:27]} Rb4 {[%clk 0:04:53]} 0-1

[Event "EYCC 2024 - G18"]
[Site "?"]
[Date "2024.08.22"]
[Round "1.7"]
[White "Siekanska, Maria"]
[Black "Jovanovic, Anja"]
[Result "1-0"]
[BlackElo "1870"]
[WhiteElo "2097"]
[LiveChessVersion "1.4.8"]

1. d4 {[%clk 1:30:59]} Nf6 {[%clk 1:30:46]} 2. c4 {[%clk 1:31:24]} e6
{[%clk 1:30:59]} 3. g3 {[%clk 1:31:49]} Bb4+ {[%clk 1:30:43]} 4. Bd2
{[%clk 1:30:57]} Qe7 {[%clk 1:30:08]} 5. Bg2 {[%clk 1:31:07]} O-O
{[%clk 1:29:37]} 6. Qc2 {[%clk 1:26:24]} Bxd2+ {[%clk 1:27:20]} 7. Nxd2
{[%clk 1:25:06]} d6 {[%clk 1:26:51]} 8. e4 {[%clk 1:19:04]} e5 {[%clk 1:24:14]}
9. Ne2 {[%clk 1:16:13]} Nbd7 {[%clk 1:19:15]} 10. O-O {[%clk 1:15:46]} Re8
{[%clk 1:14:02]} 11. Rae1 {[%clk 1:14:26]} a5 {[%clk 1:01:56]} 12. f4
{[%clk 1:05:51]} h5 {[%clk 0:50:49]} 13. h3 {[%clk 0:58:57]} Nf8 {[%clk 0:43:30]}
14. Nf3 {[%clk 0:49:38]} Ng6 {[%clk 0:36:28]} 15. f5 {[%clk 0:48:55]} Nf8
{[%clk 0:35:39]} 16. d5 {[%clk 0:47:08]} c6 {[%clk 0:29:45]} 17. Nc3
{[%clk 0:46:00]} Qc7 {[%clk 0:23:02]} 18. Rc1 {[%clk 0:41:17]} N8d7
{[%clk 0:21:31]} 19. Kh2 {[%clk 0:39:00]} Nc5 {[%clk 0:20:56]} 20. Ng5
{[%clk 0:30:49]} Qe7 {[%clk 0:17:49]} 21. Qd2 {[%clk 0:28:41]} Rb8
{[%clk 0:17:10]} 22. b3 {[%clk 0:28:38]} Na6 {[%clk 0:10:31]} 23. Rcd1
{[%clk 0:27:16]} Rd8 {[%clk 0:10:19]} 24. a3 {[%clk 0:26:18]} Nc5
{[%clk 0:07:58]} 25. Rb1 {[%clk 0:25:35]} a4 {[%clk 0:06:59]} 26. b4
{[%clk 0:22:19]} Nb3 {[%clk 0:07:21]} 27. Qe3 {[%clk 0:22:32]} Nd4
{[%clk 0:07:40]} 28. Nf3 {[%clk 0:22:14]} Nxf3+ {[%clk 0:05:29]} 29. Bxf3
{[%clk 0:22:33]} Bd7 {[%clk 0:05:06]} 30. Rg1 {[%clk 0:22:03]} g6
{[%clk 0:04:14]} 31. g4 {[%clk 0:20:55]} hxg4 {[%clk 0:04:29]} 32. hxg4
{[%clk 0:20:45]} Kg7 {[%clk 0:03:05]} 33. g5 {[%clk 0:19:46]} Rh8+
{[%clk 0:03:12]} 34. Kg2 {[%clk 0:20:06]} Nh7 {[%clk 0:03:35]} 35. f6+
{[%clk 0:20:10]} Nxf6 {[%clk 0:04:01]} 36. gxf6+ {[%clk 0:20:36]} Qxf6
{[%clk 0:04:28]} 37. Rh1 {[%clk 0:20:54]} g5 {[%clk 0:03:29]} 38. Bh5
{[%clk 0:18:48]} Rbf8 {[%clk 0:03:15]} 39. Rbf1 {[%clk 0:18:50]} Qe7
{[%clk 0:03:30]} 40. c5 {[%clk 0:17:14]} f6 {[%clk 0:03:25]} 41. cxd6
{[%clk 0:15:52]} Qxd6 {[%clk 0:03:42]} 42. Qc5 {[%clk 0:16:12]} Qxc5
{[%clk 0:03:31]} 43. bxc5 {[%clk 0:16:40]} g4 {[%clk 0:03:35]} 44. Kg3
{[%clk 0:16:18]} Rh6 {[%clk 0:02:40]} 45. Bxg4 {[%clk 0:14:28]} Rg6
{[%clk 0:02:31]} 46. Rh4 {[%clk 0:14:56]} f5 {[%clk 0:01:53]} 47. exf5
{[%clk 0:15:15]} Bxf5 {[%clk 0:02:13]} 48. Rfh1 {[%clk 0:13:09]} cxd5
{[%clk 0:00:32]} 49. Nxd5 {[%clk 0:12:18]} Rd8 {[%clk 0:00:32]} 50. Rh7+
{[%clk 0:12:28]} Kg8 {[%clk 0:00:44]} 51. Ne7+ {[%clk 0:12:49]} Kf8
{[%clk 0:01:08]} 52. Nxg6+ {[%clk 0:13:15]} 1-0

[Event "EYCC 2024 - G18"]
[Site "?"]
[Date "2024.08.22"]
[Round "1.8"]
[White "Chuchukova, Stefani"]
[Black "Tashkinova, Sofiia"]
[Result "1/2-1/2"]
[BlackElo "2093"]
[WhiteElo "1858"]
[LiveChessVersion "1.4.8"]

1. e4 {[%clk 1:30:58]} e6 {[%clk 1:30:30]} 2. d4 {[%clk 1:31:22]} d5
{[%clk 1:30:53]} 3. Nc3 {[%clk 1:31:47]} Nf6 {[%clk 1:29:36]} 4. e5
{[%clk 1:31:04]} Nfd7 {[%clk 1:30:01]} 5. f4 {[%clk 1:31:15]} c5 {[%clk 1:30:23]}
6. Nce2 {[%clk 1:31:04]} Nc6 {[%clk 1:29:18]} 7. c3 {[%clk 1:30:58]} Be7
{[%clk 1:28:24]} 8. Nf3 {[%clk 1:28:47]} a6 {[%clk 1:27:52]} 9. Be3
{[%clk 1:28:33]} O-O {[%clk 1:26:15]} 10. h4 {[%clk 1:24:42]} b5 {[%clk 1:18:23]}
11. dxc5 {[%clk 1:23:12]} Nxc5 {[%clk 1:13:09]} 12. h5 {[%clk 1:13:17]} Ne4
{[%clk 1:08:26]} 13. Ned4 {[%clk 1:10:58]} Bb7 {[%clk 0:57:58]} 14. Bd3
{[%clk 1:09:10]} Na5 {[%clk 0:49:52]} 15. f5 {[%clk 1:06:25]} exf5
{[%clk 0:45:04]} 16. Nxf5 {[%clk 1:06:33]} Nc4 {[%clk 0:42:55]} 17. Bxc4
{[%clk 0:53:10]} dxc4 {[%clk 0:40:57]} 18. O-O {[%clk 0:51:59]} Bc5
{[%clk 0:22:43]} 19. N3d4 {[%clk 0:45:46]} Qd5 {[%clk 0:16:10]} 20. Qg4
{[%clk 0:39:15]} g6 {[%clk 0:10:44]} 21. Nh6+ {[%clk 0:27:31]} Kh8
{[%clk 0:06:52]} 22. Rad1 {[%clk 0:22:31]} f5 {[%clk 0:03:32]} 23. Qh3
{[%clk 0:18:59]} Qxe5 {[%clk 0:01:56]} 24. hxg6 {[%clk 0:19:03]} Qg7
{[%clk 0:01:32]} 25. gxh7 {[%clk 0:14:45]} Qg3 {[%clk 0:00:33]} 26. Rf3
{[%clk 0:07:47]} Qxh3 {[%clk 0:00:37]} 27. Rxh3 {[%clk 0:08:11]} f4
{[%clk 0:00:48]} 28. Bf2 {[%clk 0:06:47]} Nxf2 {[%clk 0:00:31]} 29. Kxf2
{[%clk 0:07:13]} Kxh7 {[%clk 0:00:39]} 30. Kf1 {[%clk 0:06:22]} Rae8
{[%clk 0:00:32]} 31. b4 {[%clk 0:04:46]} Bxd4 {[%clk 0:00:45]} 32. Rxd4
{[%clk 0:05:05]} Kg6 {[%clk 0:00:51]} 33. Rd6+ {[%clk 0:04:04]} Kg5
{[%clk 0:00:42]} 34. Kf2 {[%clk 0:02:47]} Bc8 {[%clk 0:00:35]} 35. Rd5+
{[%clk 0:02:25]} Kg6 {[%clk 0:00:59]} 36. Rhh5 {[%clk 0:02:24]} 1/2-1/2

[Event "EYCC 2024 - G18"]
[Site "?"]
[Date "2024.08.22"]
[Round "1.9"]
[White "Ter-Avetisjana, Agnesa Stepania"]
[Black "Tadic, Ana"]
[Result "1-0"]
[BlackElo "1858"]
[WhiteElo "2089"]
[LiveChessVersion "1.4.8"]

1. d4 {[%clk 1:30:58]} Nf6 {[%clk 1:29:06]} 2. Nf3 {[%clk 1:31:17]} d5 3. c4
{[%clk 1:31:40]} dxc4 {[%clk 1:29:51]} 4. Nc3 {[%clk 1:29:09]} Bf5
{[%clk 1:18:16]} 5. e3 {[%clk 1:28:07]} e6 {[%clk 1:16:51]} 6. Bxc4
{[%clk 1:27:17]} Nbd7 {[%clk 1:12:59]} 7. O-O {[%clk 1:17:58]} Nb6
{[%clk 1:05:15]} 8. Be2 {[%clk 1:14:58]} Be7 {[%clk 0:59:41]} 9. Ne5
{[%clk 1:08:58]} O-O {[%clk 0:54:54]} 10. g4 {[%clk 0:59:59]} Bg6
{[%clk 0:49:59]} 11. h4 {[%clk 0:56:27]} h6 {[%clk 0:40:43]} 12. Nxg6
{[%clk 0:49:45]} fxg6 {[%clk 0:41:06]} 13. Qc2 {[%clk 0:46:05]} Qe8
{[%clk 0:34:56]} 14. g5 {[%clk 0:40:57]} Nh5 {[%clk 0:29:36]} 15. Ne4
{[%clk 0:38:58]} c6 {[%clk 0:24:58]} 16. Bg4 {[%clk 0:31:39]} Kh8
{[%clk 0:13:38]} 17. f4 {[%clk 0:24:12]} Nd5 {[%clk 0:11:06]} 18. Bd2
{[%clk 0:21:17]} Qf7 {[%clk 0:07:00]} 19. Rf3 {[%clk 0:16:00]} Rac8
{[%clk 0:04:34]} 20. Nf2 {[%clk 0:13:04]} c5 {[%clk 0:03:30]} 21. Qe4
{[%clk 0:12:54]} Rc6 {[%clk 0:03:03]} 22. Bc3 {[%clk 0:04:18]} c4
{[%clk 0:02:53]} 23. Rf1 {[%clk 0:02:45]} b5 {[%clk 0:01:28]} 24. a3
{[%clk 0:02:53]} Bd8 {[%clk 0:01:08]} 25. Bh3 {[%clk 0:01:33]} a5
{[%clk 0:00:49]} 26. Ng4 {[%clk 0:00:36]} Qf5 {[%clk 0:01:00]} 27. Qb1 Qxb1
{[%clk 0:01:03]} 28. Rxb1 {[%clk 0:01:10]} Bc7 {[%clk 0:01:11]} 29. Be1
{[%clk 0:00:33]} hxg5 {[%clk 0:01:05]} 30. hxg5 {[%clk 0:01:01]} b4
{[%clk 0:01:14]} 31. Bf1 {[%clk 0:00:34]} c3 {[%clk 0:00:43]} 32. bxc3
{[%clk 0:00:49]} Nxc3 {[%clk 0:00:48]} 33. Rb3 {[%clk 0:00:34]} Bd6
{[%clk 0:00:51]} 34. Ne5 {[%clk 0:00:32]} Bxe5 {[%clk 0:01:08]} 35. dxe5
{[%clk 0:00:58]} Rb8 {[%clk 0:00:59]} 36. axb4 {[%clk 0:00:40]} axb4
{[%clk 0:01:13]} 37. Bd3 {[%clk 0:00:34]} Nd5 {[%clk 0:00:37]} 38. Bxg6
{[%clk 0:00:57]} Rc1 {[%clk 0:01:01]} 39. Kf2 {[%clk 0:00:39]} Rc2+
{[%clk 0:01:21]} 40. Bxc2 {[%clk 0:01:06]} 1-0